| 000 | 00604nam a2200205Ia 4500 | ||
|---|---|---|---|
| 003 | OSt | ||
| 005 | 20240601100439.0 | ||
| 008 | 210210b2004 xxu||||| |||| 00| 0 eng d | ||
| 040 | _cAL | ||
| 041 | _aKonkani | ||
| 082 | _a891.468 QUAK | ||
| 100 |
_aQUADROS (Stephen) _dಸ್ಟೀವನ್ ಕ್ವಾಡ್ರಸ್ _9168540 |
||
| 245 |
_aKonkni samskrati. _b ಕೊಂಕಣಿ ಸಂಸ್ಕೃತಿ |
||
| 260 |
_aKatpadi _bShruti Prakashana _c2004 |
||
| 300 | _a174 | ||
| 690 |
_aKonkani Miscellaneous _9168541 |
||
| 700 |
_aKVADRAS (Stevan). _9168542 |
||
| 906 | _a059639 | ||
| 942 |
_2ddc _cBK |
||
| 999 |
_c106708 _d106708 |
||